| 000 | 00371nam a22001577a 4500 | ||
|---|---|---|---|
| 003 | NUST | ||
| 020 | _a9783030252700 | ||
| 038 | _akhadija | ||
| 082 |
_a006.3 _bKRE |
||
| 100 |
_aSirrenberg _991971 |
||
| 245 |
_aUnderstanding Artificial Intelligence / _cMarie Sirrenberg |
||
| 260 |
_aSwitzerland _bSpringer _c2020 |
||
| 300 | _ap313 | ||
| 563 | _aHB | ||
| 942 |
_2ddc _cBK |
||
| 999 |
_c590083 _d590083 |
||